Dopad hospodárskej krízy na malé a stredné podniky na Slovensku diplomová práca

Gespeichert in:
Bibliographische Detailangaben
1. Verfasser: Mazánová, Veronika
Körperschaft: Obchodná fakulta EU. Katedra služieb a cestovného ruchu - zrušené
Weitere Verfasser: Fodranová, Iveta, 1959-
Format: Buch
Sprache:Slowakisch
Veröffentlicht: Bratislava 2014
Tags: Tag hinzufügen
Keine Tags, Fügen Sie das erste Tag hinzu!

MARC

LEADER 00000nbm a2200000 4500
001 0186190
005 20170201095303.6
041 0 |a slo 
044 |a SK 
245 1 0 |a Dopad hospodárskej krízy na malé a stredné podniky na Slovensku  |b diplomová práca  |c Veronika Mazánová ; školiteľ: Iveta Fodranová 
264 1 |a Bratislava  |c 2014 
300 |a 73 s. 
100 1 |a Mazánová, Veronika 
700 1 |a Fodranová, Iveta, 1959- 
710 2 |a Obchodná fakulta EU. Katedra služieb a cestovného ruchu - zrušené